Soy el fuego / (Record no. 21263)

MARC details
000 -LEADER
fixed length control field 01412cam a2200397 a 4500
001 - CONTROL NUMBER
control field 42771499
003 - CONTROL NUMBER IDENTIFIER
control field OCoLC
005 - DATE AND TIME OF LATEST TRANSACTION
control field 20180830224902.0
008 - FIXED-LENGTH DATA ELEMENTS--GENERAL INFORMATION
fixed length control field 991008s2000 nyua j 000 0 spa
010 ## - LIBRARY OF CONGRESS CONTROL NUMBER
LC control number 99052377
020 ## - INTERNATIONAL STANDARD BOOK NUMBER
International Standard Book Number 0439173094 (pbk.) :
Terms of availability $3.99
040 ## - CATALOGING SOURCE
Original cataloging agency DLC
Transcribing agency DLC
Modifying agency IG#
-- OCLCQ
-- BAKER
-- SX@
041 1# - LANGUAGE CODE
Language code of text/sound track or separate title spa
Language code of original eng
042 ## - AUTHENTICATION CODE
Authentication code pcc
-- lcac
049 ## - LOCAL HOLDINGS (OCLC)
Holding library SX@A
082 00 - DEWEY DECIMAL CLASSIFICATION NUMBER
Classification number 628.9/22
Edition number 21
099 ## - LOCAL FREE-TEXT CALL NUMBER (OCLC)
Classification number Marzollo, J.
100 1# - MAIN ENTRY--PERSONAL NAME
Personal name Marzollo, Jean.
240 10 - UNIFORM TITLE
Uniform title <a href="I am fire.">I am fire.</a>
Language of a work Spanish.
245 10 - TITLE STATEMENT
Title Soy el fuego /
Statement of responsibility, etc. por Jean Marzollo ; ilustrado por Judith Moffatt.
260 ## - PUBLICATION, DISTRIBUTION, ETC. (IMPRINT)
Place of publication, distribution, etc. New York :
Name of publisher, distributor, etc. Scholastic,
Date of publication, distribution, etc. c2000.
300 ## - PHYSICAL DESCRIPTION
Extent 1 v. (unpaged) :
Other physical details col. ill. ;
Dimensions 23 cm.
490 1# - SERIES STATEMENT
Series statement Hola, lector! Ciencias. Nivel 1.
490 1# - SERIES STATEMENT
Series statement Hello science reader! Level 1
Library of Congress call number Spanish.
490 1# - SERIES STATEMENT
Series statement Scholastic en espanol. Nivel 1.
520 ## - SUMMARY, ETC.
Summary, etc. Explains the difference between good fire, which can be used safely for cooking and providing warmth, and bad fire, which can cause burns or destroy property.
650 #0 - SUBJECT ADDED ENTRY--TOPICAL TERM
Topical term or geographic name as entry element Fire prevention
Form subdivision Juvenile literature.
650 #0 - SUBJECT ADDED ENTRY--TOPICAL TERM
Topical term or geographic name as entry element Fire
Form subdivision Juvenile literature.
650 #0 - SUBJECT ADDED ENTRY--TOPICAL TERM
Topical term or geographic name as entry element Spanish language materials.
650 #7 - SUBJECT ADDED ENTRY--TOPICAL TERM
Topical term or geographic name as entry element Materiales en espa©łol.
Source of heading or term qlsp.
700 1# - ADDED ENTRY--PERSONAL NAME
Personal name Moffatt, Judith,
Relator term ill.
830 #0 - SERIES ADDED ENTRY--UNIFORM TITLE
Uniform title Hello science reader!.
Number of part/section of a work Level 1.
Language of a work Spanish.
830 #0 - SERIES ADDED ENTRY--UNIFORM TITLE
Uniform title Hola, lector!
Name of part/section of a work Ciencias.
Number of part/section of a work Nivel 1.
830 #0 - SERIES ADDED ENTRY--UNIFORM TITLE
Uniform title Scholastic en espanol.
Number of part/section of a work Nivel 1.
942 ## - ADDED ENTRY ELEMENTS (KOHA)
Koha item type Libro/Book
Holdings
Withdrawn status Lost status Damaged status Not for loan Home library Current library Date acquired Inventory number Total Checkouts Full call number Barcode Checked out Date last seen Date checked out Price effective from Koha item type
        San Juan Del Sur -- Biblioteca San Juan Del Sur -- Biblioteca 20/02/2020 Checked out from 2022- Feb 2025 2 628.9/22 30009806 01/06/2022 27/04/2022 27/04/2022 20/02/2020 Libro/Book

Powered by Koha